00702 2200193 4500245008700000020002300087250001100110700001600121700001800137700001800155650003600173005001900209260003300228041001400261084000800275500016200283490005400445336000900499 aSejarah Dunia Volume 2 (Awal Abad Pertengahan,Abad Pertengahan)cY. AgustonohText a978-979-3535-418-8 aCet. 2 aY. Agustono aReny Abarwati aNino Oktorino aEnsiklopedia Sejarah Dan Budaya a20231124094616 aJakartabLENTERA ABADIc2009 aIndonesia a903 aDaftar Isi : Awal Abad Pertengahan ( Sekilas Dunia,Kekaisaran Bizantium, Kehidupan Biara) Dan Abad Pertengahan ( Sekilas Dunia, Perang Salib, Dunia Ksatria ) aEnsiklopedia Sejarah Dan Budaya : Sejarah Dunia 2 atext